000 00615nam a2200241Ia 4500
003 OSt
005 20220924145552.0
006 a|||||r|||| 00| 0
007 ta
008 220923b |||||||| |||| 00| 0 per d
024 _a329338
037 _cTextual
040 _aARTS
_cARTS
_bper
041 _2per
_aper
082 _aQ7wF72, 164L2
100 _aHarvi Meer Hussaini Au.
_9220056
245 0 _aTarbul majalis
260 _c1972
650 _a ISLAM
_9577
650 _aBIOGRAPHY
_92340
942 _hQ7wF72, 164L2
_cTEXL
_2CC
999 _c460489
_d460489